000
00300nam a22001337a 4500
008
171017b xxu||||| |||| 00| 0 eng d
020
_a
0393953308
041
_a
eng
080
_2
2ND
_a
330.101.542
100
_a
52
101
_a
MIK
245
_a
MICROECONOMIC ANALYSIS
_c
YOHE,G.W
942
_2
udc
_c
BK
999
_c
34458
_d
34458